NBA team quizzes Golden State Warriors - Statistics

General Stats
  • This quiz has been taken 109 times
  • The average score is 10 of 15
Answer Stats
Hint Answer % Correct
Points leader Stephen Curry
99%
what was their most recent ring 2022
89%
how many rings do they have 6
89%
how many DPOYs did Draymond Green get 1
83%
Assists Leader Stephen Curry
83%
what jersey did Steph Curry wear 30
80%
Steals Leader Stephen Curry
79%
how many people won MVP in Golden State 2
76%
how many jerseys have they retired (player) (including Steph, Klay and Draymond) 10
75%
how many points did Klay Thompson have in his infamous 3rd quarter heater 37
66%
what team did the warriors play against when Steph curry broke the record for most 3s ever New York Knicks
49%
what jersey did they most recently retire Andre Iguodala
41%
Rebounds leader Nate Thurmond
35%
what was their nickname when they beat the 1 seed Mavericks (the __ _______ ________) We Believe Warriors
18%
Blocks leader Adonal Foyle
13%
No matching quizzes found
Score Distribution
Percent of People with Each Score
Percentile by Number Answered
Your Score History
You have not taken this quiz